000 01190nam a2200313 a 4500
001 000114125
003 CHAP
005 20220329144428.0
008 171106s2017 mx a fsm |||||||spa d
010 _a110586
011 _a111558
040 _cCHAP
090 _aTesis
100 1 _aArista González, Rocio Abigail
_9134009
245 1 0 _aEtiología de la marchitez del chile pimiento (Capsicum annum L.) y propuesta de control in vitro /
_h[En línea]
_cpor Rocío Abigail Arista González.
260 _aChapingo, Méx. :
_bEl autor,
_c2017.
500 _aPara ver el contenido del material haga clic en la liga
502 _aTesis (Agrónomo en Horticultura Protegida) -- UACH. Departamento de Fitotecnia
590 _aE8697GMM
_b05
_c20171106
_lUCH01
_h1224
590 _aE8697GMM
_b05
_c20171106
_lUCH01
_h1308
590 _aE8697GMM
_b05
_c20171106
_lUCH01
_h1411
650 1 4 _aChile pimiento
_xEnfermedades por hongos.
_9133269
650 1 4 _aHongos fitopatógenos
_xControl.
_9129457
650 1 4 _aHongos fitopatógenos
_xIdentificación.
_9131720
856 _aFinding aid
_uhttp://10.13.5.2/tesis/sist114125pdf
_zTeclea aquí
901 _aBK
942 _cTESIS
942 _n0
999 _c110586
_d110586